书目信息 |
| 题名: |
实用视唱教程 下册
|
|
| 作者: | 李金华 编著 | |
| 分册: | 下册 | |
| 出版信息: | 湖北 湖北教育出版社 |
|
| 页数: | 397页 | |
| 开本: | 24CM | |
| 丛书名: | ||
| 单 册: | ||
| 中图分类: | J61 | |
| 科图分类: | ||
| 主题词: | 音乐--技术--理论 , 音乐--技术--方法 | |
| 电子资源: | ||
| ISBN: | 978-7-5351-8681-2 | |
| 000 | 00609nam0 2200193 450 | |
| 001 | 2452121076 | |
| 005 | 20241018081808.37 | |
| 010 | @a978-7-5351-8681-2@dCNY56.00 | |
| 100 | @a20241017d km y0chiy0120 ea | |
| 101 | 0 | @achi |
| 200 | 1 | @a实用视唱教程 下册@AShi Yong Shi Chang Jiao Cheng Xia Ce@h下册@f李金华编著@FLi Jin Hua Bian Zhu |
| 210 | @a湖北@c湖北教育出版社 | |
| 215 | @a397页@d24CM | |
| 606 | 0 | @a音乐@x技术@x理论 |
| 606 | 0 | @a音乐@x技术@x方法 |
| 690 | @aJ61@v4 | |
| 701 | 0 | @a李金华@ALi Jin Hua@4编著 |
| 801 | 0 | @aCN@b大连网信软件有限公司图书馆·11@c20241018 |
| 905 | @aZUCC@b1058401@dJ61@e1605:1@f1 | |
| 实用视唱教程 下册.下册/李金华编著.-湖北:湖北教育出版社 |
| 397页;24CM |
| ISBN 978-7-5351-8681-2:CNY56.00 |
| ● |
| 相关链接 |
|
|
|
|
正题名:实用视唱教程 下册
索取号:J61/1605:1
 
预约/预借
| 序号 | 登录号 | 条形码 | 馆藏地/架位号 | 状态 | 备注 |
| 1 | 1058401 | 210584018 | 密集书库-音乐系/ [索取号:J61/1605:1] | 在馆 |